[Event "Asia-ch U12"]
[Site "Ulaanbaatar"]
[Date "2016.04.08"]
[Round "4"]
[White "Le, Quang An"]
[Black "Jahedi, Mani"]
[Result "0-1"]
[WhiteElo "1669"]
[BlackElo "1929"]
[PlyCount "92"]
[EventDate "2016.04.06"]
[EventType "swiss"]
[EventRounds "9"]
[EventCountry "MGL"]
[SourceTitle "EXT 2017"]
[Source "ChessBase"]
[SourceDate "2016.10.25"]
[SourceVersion "1"]
[SourceVersionDate "2016.10.25"]
[SourceQuality "1"]

1. e4 c5 2. Nf3 Nc6 3. Bb5 g6 4. 0-0 Bg7 5. d3 Nf6 6. Nc3 0-0 7. Be3 b6 8. h3 Bb7 9. Qd2 d5 10. e5 d4 11. exf6 dxe3 12. fxe3 Bxf6 13. e4 Nd4 14. Bc4 e6 15. Rae1 Bc6 16. Kh1 a6 17. Nxd4 Qxd4 18. Qf4 Be5 19. Qg4 Kg7 20. a3 b5 21. Ba2 Rad8 22. Qe2 b4 23. axb4 cxb4 24. Nd1 Bg3 25. Nf2 Qxb2 26. Bc4 h5 27. Bxa6 Qe5 28. Rb1 Qg5 29. Nd1 Bd6 30. Qe3 Qe5 31. g3 f5 32. Nf2 f4 33. gxf4 Rxf4 34. Qg3 Rdf8 35. Qg2 Qf6 36. Kg1 Bc5 37. e5 Qxe5 38. Qxc6 Bxf2+ 39. Kh1 Rf3 40. Rxf2 Rxf2 41. Qb7+ Kh6 42. Qg2 Rxg2 43. Kxg2 Qe2+ 44. Kh1 Rf2 45. Bb7 Rh2+ 46. Kg1 Qf2# 0-1